| 000 | 00407nam a22001577a 4500 | ||
|---|---|---|---|
| 005 | 20180808144132.0 | ||
| 008 | 160514b xxu||||| |||| 00| 0 eng d | ||
| 041 | _aeng | ||
| 082 |
_b2157 _a658.3 |
||
| 100 |
_a Rao, P Subha _94726 |
||
| 245 | _aInternational Human Resource Management | ||
| 260 |
_aNew Delhi _bHimalaya Publishing House, _c2009 |
||
| 300 | _a499p, | ||
| 650 |
_aManagement _9241 |
||
| 942 | _cBK | ||
| 999 |
_c793 _d793 |
||